000 00968nam a22003137a 4500
001 BR7302936
003 BR-BrBNA
005 20230928083936.0
007 ta
008 230509b bl.||||| |||| 00| 0 por d
040 _aBR-BrBNA
_bpor
_cBiblioteca Nacional de Agricultura
041 _a(Por)
072 _aF25
_b2110
_b/G514
090 _ 2110 BR7302936
100 1 _aFonseca, R.
100 1 _aSantos, Z.G.
100 1 _aJesus, A.F.
110 1 _aInstituto de Pesquisas e Experimentacao Agropecuarias do Leste, Cruz das Almas, BA (Brasil)
_96180
245 1 _a"Soil testing" para cacaueiro [fertilidade do solo, Brasil]
260 3 _aCruz das Almas, BA (Brasil):
_c[nd].
300 _a9 p.
500 _aPublished 1960? 14 ref. (*) Documento disponível na(o) CEPLAC, Ilheus, BA (Brazil)
650 _aFERTILIDADE DO SOLO
650 _aCACAU
650 _aSOLO
650 _aANALISE DO SOLO
909 _a202309
_bLucia
_c55
_dLucia Elande
942 _cBK
999 _c15942
_d15942